[Event "Bogota University op 7th"]
[Site "Bogota"]
[Date "2013.10.13"]
[Round "7"]
[White "Garces Trujillo, Luis Javier"]
[Black "Campos Vila, Milena"]
[Result "1/2-1/2"]
[WhiteElo "1975"]
[BlackElo "2201"]
[PlyCount "71"]
[EventDate "2013.10.10"]
[EventType "swiss"]
[EventRounds "9"]
[EventCountry "COL"]
[SourceTitle "CBM 156 Extra"]
[Source "ChessBase"]
[SourceDate "2013.10.22"]
[SourceVersion "1"]
[SourceVersionDate "2013.10.22"]
[SourceQuality "1"]

1. d4 g6 2. c4 Bg7 3. Nc3 d6 4. g3 Nd7 5. Bg2 Ngf6 6. Nf3 0-0 7. 0-0 e5 8. Qc2 c6 9. Rd1 Qc7 10. Bd2 a5 11. Rac1 Re8 12. Be1 exd4 13. Nxd4 Nc5 14. Qb1 Bd7 15. b3 Re7 16. a3 Rd8 17. e3 h5 18. b4 axb4 19. axb4 Nce4 20. Nxe4 Nxe4 21. Qd3 Qc8 22. f3 Ng5 23. e4 Qc7 24. Nb3 Qb6+ 25. c5 dxc5 26. bxc5 Qa7 27. Bc3 Nh3+ 28. Bxh3 Bxh3 29. Bxg7 Kxg7 30. Qc3+ Kg8 31. Ra1 Qb8 32. Qf6 Ree8 33. Rd6 Qc8 34. Rad1 Rxd6 35. Qxd6 Kg7 36. Qd4+ 1/2-1/2

[Event "Bogota University op 7th"]
[Site "Bogota"]
[Date "2013.10.11"]
[Round "3"]
[White "Dabraccio, Guillermo"]
[Black "Campos Vila, Milena"]
[Result "0-1"]
[WhiteElo "1773"]
[BlackElo "2201"]
[PlyCount "66"]
[EventDate "2013.10.10"]
[EventType "swiss"]
[EventRounds "9"]
[EventCountry "COL"]
[SourceTitle "CBM 156 Extra"]
[Source "ChessBase"]
[SourceDate "2013.10.22"]
[SourceVersion "1"]
[SourceVersionDate "2013.10.22"]
[SourceQuality "1"]

1. d4 Nf6 2. Nf3 g6 3. g3 Bg7 4. Bg2 0-0 5. 0-0 d6 6. Nc3 Nbd7 7. e4 e5 8. Re1 exd4 9. Nxd4 Re8 10. Bg5 h6 11. Bxf6 Nxf6 12. Qd2 a6 13. h3 Nh7 14. Kh2 Ng5 15. f4 Ne6 16. Nxe6 Bxe6 17. a3 Rb8 18. Rab1 c6 19. Re3 Qb6 20. Rd3 Rbd8 21. Na4 Qb5 22. b3 c5 23. Rxd6 Rxd6 24. Qxd6 Bf8 25. Qd2 c4 26. Bf1 Qc6 27. Bg2 Qb5 28. Bf1 Rc8 29. Rd1 Qc6 30. f5 gxf5 31. exf5 Bxf5 32. Bxc4 b5 33. Bd5 Qg6 0-1

[Event "Capablanca Memorial op-A 48th"]
[Site "Havana"]
[Date "2013.04.30"]
[Round "9"]
[White "Campos Vila, Milena"]
[Black "Cueto Rodriguez, Janed"]
[Result "1/2-1/2"]
[WhiteElo "2253"]
[BlackElo "2138"]
[PlyCount "48"]
[EventDate "2013.04.21"]
[EventType "swiss"]
[EventRounds "10"]
[EventCountry "CUB"]
[SourceTitle "CBM 154 Extra"]
[Source "ChessBase"]
[SourceDate "2013.06.25"]
[SourceVersion "2"]
[SourceVersionDate "2013.06.25"]
[SourceQuality "1"]

1. e4 e6 2. d4 d5 3. Nd2 dxe4 4. Nxe4 Nf6 5. Nxf6+ Qxf6 6. Nf3 h6 7. Be3 Nd7 8. Qd2 Bd6 9. 0-0-0 Qe7 10. Be2 Nf6 11. Ne5 Bd7 12. Nxd7 Qxd7 13. Bf3 Nd5 14. Bxd5 exd5 15. h4 Qa4 16. Kb1 Qb5 17. Bf4 0-0-0 18. Rh3 Rhe8 19. Rb3 Qa6 20. Bxd6 Rxd6 21. Qf4 Qe2 22. Qf5+ Qe6 23. Qf4 Qe2 24. Qf5+ Rde6 1/2-1/2

[Event "Capablanca Memorial op-A 46th"]
[Site "Havana"]
[Date "2011.05.19"]
[Round "8"]
[White "Marrero Lopez, Yaniet"]
[Black "Campos Vila, Milena"]
[Result "1/2-1/2"]
[WhiteElo "2328"]
[BlackElo "2212"]
[PlyCount "119"]
[EventDate "2011.05.11"]
[EventType "swiss"]
[EventRounds "10"]
[EventCountry "CUB"]
[SourceTitle "CBM 142 Extra"]
[Source "ChessBase"]
[SourceDate "2011.06.27"]
[SourceVersion "1"]
[SourceVersionDate "2011.06.27"]
[SourceQuality "1"]

1. e4 e5 2. Nf3 Nc6 3. Bb5 a6 4. Ba4 Nf6 5. 0-0 Be7 6. Re1 b5 7. Bb3 0-0 8. h3 d6 9. c3 Na5 10. Bc2 c5 11. d4 Nd7 12. Kh1 Kh8 13. b3 cxd4 14. cxd4 Nc6 15. Nc3 Nf6 16. d5 Na5 17. a3 Ne8 18. Na2 Bd7 19. Nb4 g6 20. Bb2 Bf6 21. Bd3 Bg7 22. Bc1 f5 23. Ng5 Qf6 24. a4 f4 25. Nf3 Qd8 26. axb5 axb5 27. Re2 Qb6 28. Rea2 Nc7 29. Bd2 Nb7 30. Be1 Rxa2 31. Rxa2 Ra8 32. Rxa8+ Nxa8 33. Ng5 Nc7 34. Be2 h6 35. Nf3 Nc5 36. Nd2 N5a6 37. Nxa6 Qxa6 38. Bg4 Be8 39. b4 Qb6 40. Nb3 Kh7 41. Na5 Bf6 42. Qc2 Kh8 43. f3 h5 44. Bc8 Qb8 45. Bb7 Bd7 46. Bf2 Bg5 47. Qc1 Bf6 48. Qg1 Qf8 49. Ba7 Bd8 50. Nc6 Bxc6 51. Bxc6 Qe7 52. Bf2 Na6 53. Be1 Nc7 54. Qf1 g5 55. Bxb5 Na8 56. Bc6 Nb6 57. Qa6 g4 58. fxg4 hxg4 59. hxg4 Qh7+ 60. Kg1 1/2-1/2

[Event "CUB-ch (Women)"]
[Site "Ciudad de Holguin"]
[Date "2011.02.03"]
[Round "7"]
[White "Ordaz Valdes, Lisandra Teresa"]
[Black "Campos Vila, Milena"]
[Result "1-0"]
[WhiteElo "2343"]
[BlackElo "2215"]
[PlyCount "85"]
[EventDate "2011.01.28"]
[EventType "swiss"]
[EventRounds "9"]
[EventCountry "CUB"]
[EventCategory "1"]
[SourceTitle "EXT 2012"]
[Source "ChessBase"]
[SourceDate "2011.11.24"]
[SourceVersion "1"]
[SourceVersionDate "2011.11.24"]
[SourceQuality "1"]

1. d4 Nf6 2. c4 g6 3. Nc3 Bg7 4. e4 d6 5. f4 0-0 6. Nf3 Na6 7. Bd3 Bg4 8. 0-0 Nd7 9. Be3 e5 10. fxe5 c5 11. Be2 dxe5 12. dxc5 Ndxc5 13. b4 Ne6 14. Rb1 Bxf3 15. gxf3 Nd4 16. Nd5 Nc7 17. Bd3 Nce6 18. c5 Qh4 19. Kh1 a5 20. Bxd4 exd4 21. b5 Nxc5 22. f4 Rad8 23. Qc2 Nxd3 24. Qxd3 Kh8 25. Qf3 g5 26. Rg1 gxf4 27. Rg4 Qh6 28. Ne7 f5 29. Nxf5 Rxf5 30. exf5 d3 31. Rd1 Qd6 32. Qxb7 Bf6 33. Qc6 Qe5 34. Rxf4 Re8 35. Rff1 Rg8 36. Rxd3 Qb2 37. Rg3 Rf8 38. Rfg1 Bd4 39. R3g2 Qb4 40. Rf1 Be3 41. f6 Bc5 42. f7 Bd4 43. Rg8+ 1-0

[Event "CUB-ch (Women)"]
[Site "Ciudad de Holguin"]
[Date "2011.02.01"]
[Round "5"]
[White "Campos Vila, Milena"]
[Black "Miranda Llanes, Yerisbel"]
[Result "0-1"]
[WhiteElo "2215"]
[BlackElo "2183"]
[PlyCount "152"]
[EventDate "2011.01.28"]
[EventType "swiss"]
[EventRounds "9"]
[EventCountry "CUB"]
[EventCategory "1"]
[SourceTitle "EXT 2012"]
[Source "ChessBase"]
[SourceDate "2011.11.24"]
[SourceVersion "1"]
[SourceVersionDate "2011.11.24"]
[SourceQuality "1"]

1. e4 e5 2. Nf3 Nc6 3. d4 exd4 4. Nxd4 Nf6 5. Nxc6 bxc6 6. e5 Qe7 7. Qe2 Nd5 8. c4 Ba6 9. b3 0-0-0 10. g3 Re8 11. Bb2 f6 12. Nd2 fxe5 13. Bg2 g6 14. 0-0 Bg7 15. Qe4 Nf6 16. Qe3 Kb8 17. Rfe1 Qf8 18. h3 Bb7 19. Nf3 e4 20. Nd2 d5 21. Bd4 a6 22. Rac1 Qf7 23. Qf4 Qd7 24. Qe3 Nh5 25. b4 Bxd4 26. Qxd4 Qg7 27. Qc5 Nf6 28. Nb3 Nd7 29. Qe3 Rhf8 30. cxd5 cxd5 31. Nd4 Ne5 32. Qc3 Qf7 33. Re2 Nc4 34. Rf1 Qd7 35. Kh2 Nd6 36. Rc1 Nb5 37. Qe3 Nxd4 38. Qxd4 Qd6 39. Rec2 Re7 40. b5 axb5 41. Rc5 c6 42. a4 bxa4 43. Ra5 g5 44. Rb1 Kc8 45. Qxa4 Rff7 46. Qd4 Qf6 47. Qc5 Rd7 48. Qb6 Rc7 49. Rb2 c5 50. Qb5 Qe5 51. Rba2 Kd8 52. Ra7 d4 53. Qb6 Bc8 54. Ra8 h5 55. Qg6 Ke7 56. Qxh5 Be6 57. Qg6 Bxa2 58. Rxa2 e3 59. fxe3 dxe3 60. Re2 Rf2 61. Qh7+ Kd8 62. Qg8+ Kd7 63. Qh7+ Kd8 64. Qg8+ Ke7 65. Qh7+ Kf8 66. Rxe3 Rxh7 67. Rxe5 Rc7 68. Rxg5 c4 69. Kg1 Rd2 70. Rf5+ Ke7 71. Re5+ Kf6 72. Re1 c3 73. Rc1 c2 74. Bf3 Rf7 75. Rf1 Ke5 76. Re1+ Kd4 0-1

[Event "CUB-ch (Women)"]
[Site "Ciudad de Holguin"]
[Date "2011.01.31"]
[Round "4"]
[White "Marrero Lopez, Yaniet"]
[Black "Campos Vila, Milena"]
[Result "1/2-1/2"]
[WhiteElo "2315"]
[BlackElo "2215"]
[PlyCount "98"]
[EventDate "2011.01.28"]
[EventType "swiss"]
[EventRounds "9"]
[EventCountry "CUB"]
[EventCategory "1"]
[SourceTitle "EXT 2012"]
[Source "ChessBase"]
[SourceDate "2011.11.24"]
[SourceVersion "1"]
[SourceVersionDate "2011.11.24"]
[SourceQuality "1"]

1. e4 e5 2. Nf3 Nc6 3. d4 exd4 4. Nxd4 Bc5 5. Nb3 Bb6 6. Qe2 a5 7. a4 Nge7 8. Nc3 Nb4 9. Bg5 f6 10. Bh4 0-0 11. 0-0-0 d5 12. exd5 Bf5 13. Rd2 Ng6 14. Bg3 Re8 15. Qd1 Ne5 16. Bb5 Re7 17. Re1 Qf8 18. h3 Bxc2 19. Rxc2 Ned3+ 20. Kd2 Rxe1 21. Qg4 Ne5 22. Qe6+ Kh8 23. Kxe1 Nxc2+ 24. Kd2 Nd4 25. Nxd4 Bxd4 26. f4 Qb4 27. Kc2 Nc4 28. Bxc4 Qxc4 29. Qe4 Qb4 30. Kd3 Bxc3 31. bxc3 Qd6 32. Qe6 Qc5 33. Qd7 Qg1 34. f5 Qxg2 35. Bxc7 Qxh3+ 36. Kc4 Qg4+ 37. Kc5 Qg1+ 38. Kc4 Qf1+ 39. Kc5 Qf2+ 40. Kc4 Qe2+ 41. Kb3 h6 42. d6 Kh7 43. Qb5 Qd1+ 44. Ka3 Qa1+ 45. Kb3 Qd1+ 46. Ka3 Qa1+ 47. Kb3 Qb1+ 48. Kc4 Qe4+ 49. Kb3 Qb1+ 1/2-1/2

[Event "CUB-ch sf (Women)"]
[Site "Santa Clara"]
[Date "2010.11.12"]
[Round "5"]
[White "Sanchez Comesana, Angelica Maria"]
[Black "Campos Vila, Milena"]
[Result "0-1"]
[WhiteElo "1945"]
[BlackElo "2223"]
[PlyCount "116"]
[EventDate "2010.11.08"]
[EventType "tourn"]
[EventRounds "9"]
[EventCountry "CUB"]
[SourceTitle "CBM 139 Extra"]
[Source "ChessBase"]
[SourceDate "2011.01.05"]
[SourceVersion "1"]
[SourceVersionDate "2011.01.05"]
[SourceQuality "1"]

1. e4 e5 2. Nf3 Nc6 3. Bc4 Nf6 4. d3 Be7 5. 0-0 0-0 6. Re1 d6 7. c3 Na5 8. Bb5 a6 9. Ba4 b5 10. Bc2 c5 11. d4 Qc7 12. d5 Bg4 13. b3 Nb7 14. Nbd2 Ne8 15. h3 Bxf3 16. Nxf3 Bf6 17. Be3 g6 18. a4 Rb8 19. axb5 axb5 20. Ra6 Qd8 21. Qa1 Nc7 22. Ra7 Ra8 23. b4 Qb8 24. Rxa8 Qxa8 25. bxc5 dxc5 26. Rd1 Qxa1 27. Rxa1 Ra8 28. Rxa8+ Nxa8 29. Nd2 Be7 30. f4 Bd6 31. g3 Nb6 32. Kf2 Kf8 33. Nf3 Nc4 34. fxe5 Nxe5 35. Bf4 f6 36. Nxe5 Bxe5 37. Bxe5 fxe5 38. Bd3 c4 39. Bc2 Ke7 40. Ke3 Nc5 41. Kd2 Kd6 42. Ke3 Nb7 43. h4 h6 44. Kf3 Kc5 45. Kg4 Nd6 46. h5 g5 47. Kf3 b4 48. cxb4+ Kxb4 49. Ke3 Kc3 50. Bd1 Kb2 51. Ba4 Kc1 52. g4 Kb2 53. Bd1 c3 54. Kd3 Nb7 55. Kc4 c2 56. Bxc2 Kxc2 57. d6 Nxd6+ 58. Kd5 Kd3 0-1

[Event "Capablanca Memorial op 45th"]
[Site "Havana"]
[Date "2010.06.20"]
[Round "10"]
[White "Campos Vila, Milena"]
[Black "Figueredo Losada, Leonel"]
[Result "1-0"]
[WhiteElo "2178"]
[BlackElo "2335"]
[PlyCount "33"]
[EventDate "2010.06.10"]
[EventType "swiss"]
[EventRounds "10"]
[EventCountry "CUB"]
[SourceTitle "CBM 137 Extra"]
[Source "ChessBase"]
[SourceDate "2010.09.01"]
[SourceVersion "1"]
[SourceVersionDate "2010.09.01"]
[SourceQuality "1"]

1. e4 c5 2. Nf3 d6 3. d4 cxd4 4. Nxd4 Nf6 5. Nc3 g6 6. g3 Bg7 7. Bg2 0-0 8. 0-0 Bg4 9. Qd3 Nbd7 10. h3 Nc5 11. Qe3 Bc8 12. Rd1 Nfd7 13. Qe2 a6 14. Be3 Ne6 15. Nxe6 fxe6 16. Qc4 b5 17. Qxe6+ 1-0

[Event "Capablanca Memorial op 45th"]
[Site "Havana"]
[Date "2010.06.19"]
[Round "9"]
[White "Pina Vega, Sulennis"]
[Black "Campos Vila, Milena"]
[Result "1/2-1/2"]
[WhiteElo "2336"]
[BlackElo "2178"]
[PlyCount "24"]
[EventDate "2010.06.10"]
[EventType "swiss"]
[EventRounds "10"]
[EventCountry "CUB"]
[SourceTitle "CBM 137 Extra"]
[Source "ChessBase"]
[SourceDate "2010.09.01"]
[SourceVersion "1"]
[SourceVersionDate "2010.09.01"]
[SourceQuality "1"]

1. Nf3 Nf6 2. g3 g6 3. Bg2 Bg7 4. 0-0 0-0 5. d3 d6 6. e4 e5 7. h3 c6 8. c3 Qc7 9. Qc2 Re8 10. Bg5 Nbd7 11. Nbd2 h6 12. Bxf6 Nxf6 1/2-1/2

[Event "Moncada op 6th"]
[Site "Santiago de Cuba"]
[Date "2009.05.24"]
[Round "8"]
[White "Campos Vila, Milena"]
[Black "Proietti, Giorgio"]
[Result "1-0"]
[WhiteElo "2232"]
[BlackElo "1932"]
[PlyCount "155"]
[EventDate "2009.05.16"]
[EventType "swiss"]
[EventRounds "9"]
[EventCountry "CUB"]
[SourceTitle "CBM 130 Extra"]
[Source "ChessBase"]
[SourceDate "2009.07.02"]
[SourceVersion "2"]
[SourceVersionDate "2009.07.15"]
[SourceQuality "1"]

1. d4 d5 2. c4 e6 3. Nc3 c6 4. e3 Nf6 5. Nf3 Nbd7 6. Bd3 Be7 7. 0-0 0-0 8. e4 dxe4 9. Nxe4 Nxe4 10. Bxe4 Nf6 11. Bc2 c5 12. dxc5 Qxd1 13. Rxd1 Bxc5 14. Ne5 h6 15. a3 Be7 16. Be3 Rd8 17. Rxd8+ Bxd8 18. Rd1 Be7 19. Ba4 a5 20. Bb6 Ra6 21. Bc7 Kf8 22. Bb5 Ra8 23. b3 g6 24. Bd8 h5 25. h3 Ne4 26. Bxe7+ Kxe7 27. Rd3 Nc5 28. Rf3 f5 29. Nxg6+ Kf6 30. Nf4 h4 31. Re3 Ne4 32. Nd3 Nd6 33. Ba4 b6 34. Ne5 f4 35. Re1 Bb7 36. Nd7+ Kf7 37. Ne5+ Kf6 38. Bc6 Bxc6 39. Nxc6 Re8 40. Ne5 Re7 41. Nf3 Nf5 42. Re5 Rd7 43. Re4 Rd3 44. Rxf4 Rxb3 45. Nxh4 Rxa3 46. Nxf5 exf5 47. g4 Rxh3 48. Rxf5+ Kg6 49. Rb5 Rc3 50. Rxb6+ Kg5 51. Rb5+ Kxg4 52. Rxa5 Rxc4 53. Kg2 Rc2 54. Ra4+ Kg5 55. Kg3 Rc3+ 56. f3 Kf5 57. Ra5+ Kf6 58. Kg4 Rc4+ 59. f4 Rc1 60. Ra6+ Kg7 61. Kg5 Rg1+ 62. Kf5 Rf1 63. Ra7+ Kf8 64. Kg5 Rf2 65. f5 Rf1 66. Kf6 Ke8 67. Ra8+ Kd7 68. Rf8 Rg1 69. Kf7 Rg2 70. f6 Rg1 71. Ra8 Rf1 72. Ra6 Rb1 73. Kf8 Rf1 74. f7 Rg1 75. Ra7+ Kd8 76. Ra2 Rd1 77. Rg2 Rd7 78. Kg8 1-0

[Event "Moncada op 6th"]
[Site "Santiago de Cuba"]
[Date "2009.05.19"]
[Round "4"]
[White "Campos Vila, Milena"]
[Black "Garcia Fuentes, Sergio Miguel"]
[Result "1/2-1/2"]
[WhiteElo "2232"]
[BlackElo "2190"]
[PlyCount "111"]
[EventDate "2009.05.16"]
[EventType "swiss"]
[EventRounds "9"]
[EventCountry "CUB"]
[SourceTitle "CBM 130 Extra"]
[Source "ChessBase"]
[SourceDate "2009.07.02"]
[SourceVersion "2"]
[SourceVersionDate "2009.07.15"]
[SourceQuality "1"]

1. d4 d5 2. c4 Nc6 3. e3 e5 4. dxe5 d4 5. a3 a5 6. Nf3 Bc5 7. exd4 Nxd4 8. Be3 Bg4 9. Be2 Nxf3+ 10. gxf3 Qxd1+ 11. Bxd1 Bxe3 12. fxe3 Be6 13. Be2 Ne7 14. Nc3 0-0-0 15. Rd1 Rxd1+ 16. Kxd1 Nf5 17. b3 Rd8+ 18. Kc1 Nxe3 19. Rg1 g6 20. a4 Bf5 21. f4 Kb8 22. Rg3 Nc2 23. Nd5 Nd4 24. Bd1 Ne6 25. Ne7 Nxf4 26. Nxf5 gxf5 27. Kc2 Ng6 28. Rg5 f4 29. Rf5 Rd7 30. Bh5 Re7 31. Kd2 c6 32. Bxg6 fxg6 33. Rg5 Re6 34. Rg4 Rxe5 35. Rxf4 Ka7 36. h4 Kb6 37. Kd3 Rf5 38. Re4 Rf3+ 39. Kc2 Rh3 40. Kb2 Rh2+ 41. Ka3 Rh1 42. Kb2 Kc5 43. Re7 b6 44. Rxh7 Kb4 45. Rb7 Rh2+ 46. Kb1 b5 47. cxb5 c5 48. Re7 Kxb3 49. Re3+ Kxa4 50. b6 Rh1+ 51. Ka2 Rxh4 52. Re6 g5 53. Rg6 g4 54. Rc6 Kb5 55. Rg6 Ka6 56. Ka3 1/2-1/2

[Event "Moncada op 6th"]
[Site "Santiago de Cuba"]
[Date "2009.05.17"]
[Round "2"]
[White "Campos Vila, Milena"]
[Black "Forgas Moreno, Yaniela"]
[Result "0-1"]
[WhiteElo "2232"]
[BlackElo "2084"]
[PlyCount "82"]
[EventDate "2009.05.16"]
[EventType "swiss"]
[EventRounds "9"]
[EventCountry "CUB"]
[SourceTitle "CBM 130 Extra"]
[Source "ChessBase"]
[SourceDate "2009.07.02"]
[SourceVersion "2"]
[SourceVersionDate "2009.07.15"]
[SourceQuality "1"]

1. d4 Nf6 2. c4 e5 3. dxe5 Ng4 4. e3 Nxe5 5. Nh3 Bc5 6. Nc3 0-0 7. Nf4 Nbc6 8. Be2 d6 9. 0-0 Bf5 10. a3 a5 11. Nfd5 Ne7 12. Bd2 c6 13. Nxe7+ Qxe7 14. Na4 Ba7 15. Bc3 Rfe8 16. b4 Nd7 17. Bg4 Bxg4 18. Qxg4 Ne5 19. Qg3 f6 20. Nb2 Qe6 21. bxa5 Bb8 22. Qh4 Bc7 23. Rfd1 Bxa5 24. Bxa5 Rxa5 25. Qd4 Rea8 26. Qc3 Rc5 27. Qb4 b5 28. cxb5 Rxb5 29. Qd2 Qb3 30. f4 Nf7 31. a4 Rb4 32. Rdb1 c5 33. h3 Rab8 34. a5 c4 35. Na4 Rxa4 36. Rxa4 Qxb1+ 37. Kh2 Qb3 38. Ra1 c3 39. Qe1 Nd8 40. a6 Ra8 41. Ra3 Qxa3 0-1

[Event "CUB-ch (Women)"]
[Site "Caibarien"]
[Date "2002.??.??"]
[Round "1"]
[White "Campos Vila, Milena"]
[Black "Ulloa, Yoriley"]
[Result "1-0"]
[WhiteElo "2122"]
[BlackElo "2117"]
[PlyCount "101"]
[EventDate "2002.03.29"]
[EventType "swiss"]
[EventRounds "6"]
[EventCountry "CUB"]
[SourceTitle "EXT 2003"]
[Source "ChessBase"]
[SourceDate "2002.11.25"]
[SourceVersion "1"]
[SourceVersionDate "2002.11.25"]
[SourceQuality "1"]

1. e4 c5 2. Nf3 g6 3. d4 cxd4 4. Nxd4 Bg7 5. c4 Nc6 6. Be3 Nf6 7. Nc3 Qa5 8. f3 d6 9. Qd2 0-0 10. Be2 Nxd4 11. Bxd4 Be6 12. b3 Rac8 13. Rb1 a6 14. 0-0 Qh5 15. Be3 Qa5 16. Rfc1 Nd7 17. Nd5 Qd8 18. b4 Nf6 19. Rc2 Nxd5 20. cxd5 Rxc2 21. Qxc2 Bd7 22. Rc1 Qc8 23. Qc7 Bf6 24. Qb6 Qb8 25. Rc7 Bc8 26. Kf1 Qa8 27. Bd4 Bg5 28. Kf2 Re8 29. Be3 Bf6 30. a4 Be5 31. a5 e6 32. b5 axb5 33. Bxb5 Rf8 34. a6 bxa6 35. Ra7 Qxa7 36. Qxa7 axb5 37. Qb6 exd5 38. exd5 Bf5 39. f4 Bc3 40. Qxd6 Rc8 41. Bc5 Ra8 42. h3 h5 43. Qb6 Be4 44. d6 Ra2+ 45. Kf1 Bxg2+ 46. Kg1 Bxh3 47. d7 Bxd7 48. Qd8+ Kg7 49. Bf8+ Kg8 50. Bb4+ Kh7 51. Bxc3 1-0

[Event "CUB-ch (Women)"]
[Site "Caibarien"]
[Date "2002.??.??"]
[Round "2"]
[White "Millan, Dania"]
[Black "Campos Vila, Milena"]
[Result "0-1"]
[WhiteElo "2118"]
[BlackElo "2122"]
[PlyCount "72"]
[EventDate "2002.03.29"]
[EventType "swiss"]
[EventRounds "6"]
[EventCountry "CUB"]
[SourceTitle "EXT 2003"]
[Source "ChessBase"]
[SourceDate "2002.11.25"]
[SourceVersion "1"]
[SourceVersionDate "2002.11.25"]
[SourceQuality "1"]

1. c4 e5 2. Nc3 Nf6 3. g3 Nc6 4. Bg2 g6 5. d3 Bg7 6. e4 d6 7. Nge2 Be6 8. 0-0 Nh5 9. f4 exf4 10. Nxf4 Nxf4 11. Bxf4 0-0 12. Qd2 Qd7 13. Nd5 Bxd5 14. cxd5 Nd4 15. Bh6 Bxh6 16. Qxh6 Qe7 17. Kh1 c5 18. dxc6 bxc6 19. Rf2 Rab8 20. Raf1 Qe5 21. b3 Rbe8 22. Qc1 c5 23. Qc4 Re7 24. b4 Kg7 25. bxc5 dxc5 26. Rf6 Ne6 27. R6f2 Rd8 28. Bh3 Ng5 29. Bg4 Rd4 30. Qb3 c4 31. dxc4 Qxe4+ 32. Bf3 Nxf3 33. Qxf3 Rxc4 34. Qxe4 Rcxe4 35. Rf6 Re2 36. Ra6 Rb2 0-1

[Event "CUB-ch (Women)"]
[Site "Cuba"]
[Date "1999.??.??"]
[Round "?"]
[White "Campos Vila, Milena"]
[Black "Arribas Robaina, Maritza"]
[Result "0-1"]
[WhiteElo "2105"]
[BlackElo "2322"]
[PlyCount "114"]
[EventDate "1999.??.??"]
[EventType "tourn"]
[EventRounds "13"]
[EventCountry "CUB"]
[SourceTitle "EXT 2000"]
[Source "ChessBase"]
[SourceDate "1999.11.16"]
[SourceVersion "1"]
[SourceVersionDate "1999.11.16"]
[SourceQuality "1"]

1. e4 e6 2. d4 d5 3. Nc3 Bb4 4. e5 c5 5. a3 Bxc3+ 6. bxc3 Ne7 7. Qg4 Qc7 8. Bd3 Bd7 9. Qxg7 Rg8 10. Qxh7 cxd4 11. Ne2 Qxe5 12. cxd4 Qf6 13. Qh6 Qxh6 14. Bxh6 Nbc6 15. Bf4 0-0-0 16. 0-0 f6 17. Bg3 Rdf8 18. c4 Rg4 19. cxd5 exd5 20. Rfc1 Bf5 21. Bb5 a6 22. Ba4 Bd3 23. Nf4 Bc4 24. Bd1 Rgg8 25. Ne6 Re8 26. Bh5 Ng6 27. Bg4 Nf4 28. Ng7+ Kd8 29. Nxe8 Rxg4 30. Bxf4 Rxf4 31. Nd6 Nxd4 32. Rd1 Ne2+ 33. Kh1 Kc7 34. Nxc4 dxc4 35. g3 Rxf2 36. Rd5 Kc6 37. Rd8 c3 38. Rc8+ Kd7 39. Rc4 c2 40. Re1 b5 41. Rc5 Kd6 42. Rxc2 Nxg3+ 43. hxg3 Rxc2 44. Rf1 Ke5 45. Rf3 a5 46. Kg1 b4 47. axb4 axb4 48. Rb3 Rc4 49. Kf2 Re4 50. Rf3 f5 51. Rd3 Rd4 52. Rf3 Rd5 53. Ke3 b3 54. Rf2 Rb5 55. Rb2 Rb8 56. Kd3 Kd5 57. Kc3 Ke4 0-1

[Event "Santa Clara Cup"]
[Site "Santa Clara"]
[Date "1999.??.??"]
[Round "?"]
[White "Campos Vila, Milena"]
[Black "Marichal Gonzalez, Ariel"]
[Result "1-0"]
[WhiteElo "2105"]
[BlackElo "2177"]
[PlyCount "85"]
[EventDate "1999.??.??"]
[EventType "swiss"]
[EventRounds "11"]
[EventCountry "CUB"]
[SourceTitle "EXT 2003"]
[Source "ChessBase"]
[SourceDate "2002.11.25"]
[SourceVersion "1"]
[SourceVersionDate "2002.11.25"]
[SourceQuality "1"]

1. e4 e6 2. d4 d5 3. Nc3 Bb4 4. e5 b6 5. Qg4 Bf8 6. Nf3 Ba6 7. Bxa6 Nxa6 8. a3 Qd7 9. 0-0 Ne7 10. Ng5 Nf5 11. Qe2 Nb8 12. Rd1 Nc6 13. Nf3 0-0-0 14. a4 Bb4 15. a5 Bxc3 16. axb6 Bxd4 17. Rxa7 Rde8 18. Qa6+ Kd8 19. Rxc7 Qxc7 20. bxc7+ Kxc7 21. Nxd4 Nfxd4 22. Be3 Ra8 23. Qd3 Nf5 24. Bc5 h5 25. Bd6+ Nxd6 26. exd6+ Kd7 27. h3 g5 28. Re1 Ra4 29. c3 g4 30. h4 Kxd6 31. b4 Ra3 32. Qe3 Kd7 33. Qf4 f5 34. Qe3 Re8 35. b5 Na7 36. Qc5 Ra4 37. c4 Rc8 38. Qb6 Re8 39. cxd5 e5 40. Rc1 Rc8 41. Qe6+ Kd8 42. Qd6+ Ke8 43. Qxe5+ 1-0

[Event "CUB-ch (Women)"]
[Site "Cuba"]
[Date "1999.??.??"]
[Round "?"]
[White "Delgado Crespo, Mairelys"]
[Black "Campos Vila, Milena"]
[Result "1-0"]
[WhiteElo "2298"]
[BlackElo "2105"]
[PlyCount "63"]
[EventDate "1999.??.??"]
[EventType "tourn"]
[EventRounds "13"]
[EventCountry "CUB"]
[SourceTitle "EXT 2000"]
[Source "ChessBase"]
[SourceDate "1999.11.16"]
[SourceVersion "1"]
[SourceVersionDate "1999.11.16"]
[SourceQuality "1"]

1. e4 c5 2. Nf3 Nc6 3. d4 cxd4 4. Nxd4 Nf6 5. Nc3 d6 6. Bg5 e6 7. Qd2 a6 8. 0-0-0 h6 9. Be3 Qc7 10. f3 Rb8 11. Kb1 Be7 12. g4 Nxd4 13. Bxd4 b5 14. Bd3 b4 15. Ne2 e5 16. Be3 Be6 17. h4 Nd7 18. g5 hxg5 19. hxg5 Rxh1 20. Rxh1 g6 21. Rh8+ Nf8 22. f4 Bc4 23. f5 Rc8 24. f6 Bd8 25. Nc1 Bxd3 26. Nxd3 a5 27. Qh2 Be7 28. fxe7 Kxe7 29. Qf2 Qc4 30. b3 Qe6 31. Nc5 dxc5 32. Bxc5+ 1-0

[Event "CUB-ch (Women)"]
[Site "Cuba"]
[Date "1999.??.??"]
[Round "?"]
[White "Fleites Marti, Yuleikys"]
[Black "Campos Vila, Milena"]
[Result "1-0"]
[WhiteElo "2130"]
[BlackElo "2105"]
[PlyCount "111"]
[EventDate "1999.??.??"]
[EventType "tourn"]
[EventRounds "13"]
[EventCountry "CUB"]
[SourceTitle "EXT 2000"]
[Source "ChessBase"]
[SourceDate "1999.11.16"]
[SourceVersion "1"]
[SourceVersionDate "1999.11.16"]
[SourceQuality "1"]

1. e4 c5 2. Nf3 Nc6 3. Nc3 d6 4. d4 cxd4 5. Nxd4 Nf6 6. Bg5 e6 7. Bb5 Bd7 8. Bxc6 bxc6 9. Qf3 Qa5 10. Bxf6 gxf6 11. Qxf6 Rg8 12. Qf3 Rb8 13. Nb3 Qg5 14. Qg3 h6 15. Qxg5 Rxg5 16. g3 e5 17. 0-0-0 Be7 18. Na5 Rg6 19. Rd3 Rb4 20. Rhd1 Rf6 21. f3 Rd4 22. Ne2 Ra4 23. Nb7 d5 24. exd5 cxd5 25. Nc3 Rb4 26. Na5 Bf5 27. Rxd5 e4 28. a3 Rb8 29. Nxe4 Bxe4 30. fxe4 Rf2 31. Rd7 Rc8 32. c3 Rxh2 33. Rxa7 Bg5+ 34. Kb1 Rg2 35. Nb7 Be7 36. e5 Rb8 37. b4 Rxg3 38. Kc2 Rc8 39. Rd3 Rg2+ 40. Kb3 Kf8 41. Nd6 Rd8 42. Rf3 Bxd6 43. Rfxf7+ Kg8 44. exd6 Rxd6 45. Rfd7 Rxd7 46. Rxd7 h5 47. Rd5 Rh2 48. b5 Rh1 49. Kb4 h4 50. b6 h3 51. Rh5 Rh2 52. Ka5 Kg7 53. b7 Rb2 54. Ka6 Rb3 55. a4 Ra3 56. b8Q 1-0

[Event "CUB-ch (Women)"]
[Site "Matanzas"]
[Date "1998.??.??"]
[Round "?"]
[White "Campos Vila, Milena"]
[Black "Ramon Pita, Vivian"]
[Result "1/2-1/2"]
[WhiteElo "2045"]
[BlackElo "2325"]
[PlyCount "58"]
[EventDate "1998.??.??"]
[EventType "tourn"]
[EventRounds "11"]
[EventCountry "CUB"]
[SourceTitle "EXT 2003"]
[Source "ChessBase"]
[SourceDate "2002.11.25"]
[SourceVersion "1"]
[SourceVersionDate "2002.11.25"]
[SourceQuality "1"]

1. e4 c5 2. Nf3 Nc6 3. Bb5 e6 4. Bxc6 bxc6 5. b3 f6 6. 0-0 Nh6 7. d4 Nf7 8. Ba3 cxd4 9. Bxf8 Kxf8 10. Qxd4 e5 11. Qa4 Qb6 12. c4 d6 13. Nbd2 g5 14. Rac1 c5 15. Rcd1 Qb7 16. Rfe1 Bd7 17. Qa5 Nd8 18. Nf1 Nc6 19. Qd2 Nd4 20. Ne3 Qxe4 21. Nxd4 cxd4 22. Nd5 Qg6 23. Qb4 Kg7 24. Qxd6 Rhd8 25. h3 Bf5 26. Qa6 Bc8 27. Qc6 Bd7 28. Qa6 Bc8 29. Qc6 Bd7 1/2-1/2